| 000 | 00000nam##2200000za#4500 |
| 001 | 9.574710 |
| 003 | CaOODSP |
| 005 | 20210624184321 |
| 007 | cr ||||||||||| |
| 008 | 150406|1997||||xxc|||||o f|0| 0 eng|d |
| 022 | |a1205-9153 |
| 040 | |aCaOODSP|beng |
| 043 | |an-cn--- |
| 086 | 1 |aCS11-0019/100E-PDF |
| 245 | 03|aAn experimental Canadian survey that links workplace practices and employee outcomes : |h[electronic resource]|bwhy it is needed and how it works / |cby Garnett Picot and Ted Wannell. |
| 260 | |aOttawa - Ontario : |bStatistics Canada |cMay 1997. |
| 300 | |a22p.|bfig., graphs, tables |
| 490 | 1 |aAnalytical Studies Branch research paper series|x1205-9153|vNo. 100 |
| 500 | |aThe catalogue number (11F0019MPE), ISBN (0-660-16918-5) and ISSN (1200-5223) for the print edition have been incorrectly copied in this electronic publication. |
| 504 | |aBibliography. |
| 590 | |a12-34-Supp|b2012-07-31 |
| 710 | 2 |aStatistics Canada. |
| 720 | 1 |aWannell, Ted |
| 720 | 1 |aPicot, Garnett |
| 775 | 08|tUne enquête expérimentale canadienne visant à établir le lien entre les pratiques au lieu de travail et la condition des employés : |w(CaOODSP)9.604445 |
| 830 | #0|aResearch paper series (Statistics Canada. Analytical Studies Branch)|x1205-9153|vNo. 100|w(CaOODSP)9.504421 |
| 856 | 40|ahttp://publications.gc.ca|qPDF|s104 KB|uhttps://publications.gc.ca/collections/Collection/CS11-0019-100E.pdf|yNo. 100 |